[Event "ECU-chT U20"]
[Site "Carpuela"]
[Date "2014.05.05"]
[Round "5.1"]
[White "Rivas Torres, Cider"]
[Black "Guaranda Chancay, Edward Fabri"]
[Result "1-0"]
[WhiteElo "1763"]
[BlackElo "1592"]
[PlyCount "93"]
[EventDate "2014.05.03"]
[EventType "team-swiss"]
[EventRounds "7"]
[EventCountry "ECU"]
[SourceTitle "CBM 160 Extra"]
[Source "ChessBase"]
[SourceDate "2014.07.01"]
[SourceVersion "1"]
[SourceVersionDate "2014.07.01"]
[SourceQuality "1"]
[WhiteTeam "Loja"]
[BlackTeam "Santa Elena"]
[WhiteTeamCountry "ECU"]
[BlackTeamCountry "ECU"]

1. Nf3 e6 2. d4 d5 3. c4 Nf6 4. Nc3 Be7 5. Bf4 0-0 6. h3 b6 7. e3 Bb7 8. Bd3 Nbd7 9. cxd5 exd5 10. 0-0 a6 11. Rc1 c5 12. Ne2 Rc8 13. g4 Ne4 14. Nd2 Bg5 15. Bxe4 dxe4 16. Nc4 Bxf4 17. Nxf4 Rc6 18. dxc5 Nxc5 19. Qxd8 Rxd8 20. Rfd1 Nd3 21. Nxd3 exd3 22. Rc3 g6 23. Ne5 Rxc3 24. bxc3 d2 25. Nc4 Rd3 26. Rxd2 Rxd2 27. Nxd2 Kg7 28. f3 Kf6 29. Kf2 b5 30. f4 Ke6 31. e4 f6 32. Ke3 Kd6 33. Kd4 Bc8 34. e5+ fxe5+ 35. fxe5+ Ke6 36. Ne4 a5 37. a3 h6 38. Nc5+ Ke7 39. Kd5 h5 40. e6 h4 41. g5 Ke8 42. Kd6 Kd8 43. Kc6 Ke7 44. Kxb5 Bxe6 45. Nxe6 Kxe6 46. c4 Kf5 47. c5 1-0